[Event "Titled Tuesday intern op 08th Aug Late"]
[Site "Chess.com INT"]
[Date "2023.08.08"]
[Round "8"]
[White "Deng, Henry"]
[Black "Sebag, Marie"]
[Result "1/2-1/2"]
[WhiteElo "2308"]
[BlackElo "2437"]
[PlyCount "74"]
[EventDate "2023.08.08"]
[EventType "swiss (blitz)"]
[EventRounds "11"]
[EventCountry "USA"]
[SourceTitle "EXT 2024"]
[Source "ChessBase"]
[SourceDate "2023.10.10"]
[SourceVersion "1"]
[SourceVersionDate "2023.10.10"]
[SourceQuality "1"]

1. e4 c5 2. Nf3 d6 3. c3 Nf6 4. Be2 Nbd7 5. d3 b6 6. 0-0 Bb7 7. Nbd2 g6 8. Re1 Bg7 9. Bf1 0-0 10. b3 e5 11. Bb2 Re8 12. g3 Qc7 13. Bg2 Rad8 14. d4 exd4 15. cxd4 Nxe4 16. Rc1 Nxd2 17. Qxd2 Nf6 18. b4 Ne4 19. Qc2 f5 20. dxc5 Bxb2 21. Qxb2 dxc5 22. bxc5 bxc5 23. Rb1 Bd5 24. Rec1 c4 25. Nd4 c3 26. Qa3 Rc8 27. Nb5 Qe5 28. Re1 c2 29. Rbc1 Ba8 30. Qb3+ Bd5 31. Qa3 Bf7 32. Bxe4 fxe4 33. Nd6 Qe7 34. Qa6 Qe6 35. Qa3 Qe7 36. Qa6 Qe6 37. Qa3 Qe7 1/2-1/2

[Event "Titled Tuesday intern op 11th Jul Early"]
[Site "Chess.com INT"]
[Date "2023.07.11"]
[Round "2"]
[White "Bashirli, Saadat"]
[Black "Sebag, Marie"]
[Result "1-0"]
[WhiteElo "1647"]
[BlackElo "2429"]
[PlyCount "47"]
[EventDate "2023.07.11"]
[EventType "swiss (blitz)"]
[EventRounds "11"]
[EventCountry "USA"]
[SourceTitle "EXT 2024"]
[Source "ChessBase"]
[SourceDate "2023.10.10"]
[SourceVersion "1"]
[SourceVersionDate "2023.10.10"]
[SourceQuality "1"]

1. e4 c6 2. d4 d5 3. exd5 cxd5 4. Bd3 Nc6 5. c3 Nf6 6. Bf4 g6 7. Nf3 Bf5 8. Bxf5 gxf5 9. Nbd2 e6 10. Ne5 Rg8 11. g3 Rc8 12. Qa4 a6 13. Ndf3 b5 14. Qxa6 Nxe5 15. Nxe5 b4 16. 0-0 bxc3 17. bxc3 Nd7 18. Nc6 Rxc6 19. Qxc6 Qh4 20. Kh1 Qh5 21. f3 Bh6 22. Qc8+ Ke7 23. Qxg8 Bxf4 24. gxf4 1-0

[Event "Titled Tuesday intern op 04th Jul Late"]
[Site "Chess.com INT"]
[Date "2023.07.04"]
[Round "6"]
[White "Henriquez Villagra, Cristobal"]
[Black "Sebag, Marie"]
[Result "1-0"]
[WhiteElo "2618"]
[BlackElo "2429"]
[PlyCount "105"]
[EventDate "2023.07.04"]
[EventType "swiss (blitz)"]
[EventRounds "11"]
[EventCountry "USA"]
[SourceTitle "EXT 2024"]
[Source "ChessBase"]
[SourceDate "2023.10.10"]
[SourceVersion "1"]
[SourceVersionDate "2023.10.10"]
[SourceQuality "1"]

1. Nf3 d5 2. g3 Nf6 3. Bg2 g6 4. 0-0 Bg7 5. d4 0-0 6. c3 c6 7. a4 Bf5 8. Nh4 Be4 9. f3 Bxb1 10. Rxb1 h6 11. Qd3 e6 12. Bh3 Qe7 13. e4 g5 14. e5 gxh4 15. exf6 Qxf6 16. f4 Nd7 17. Be3 Kh8 18. Kh1 Rg8 19. g4 Qg6 20. f5 exf5 21. g5 f4 22. Bf5 Qh5 23. Rxf4 hxg5 24. Bg4 Qg6 25. Bf5 Qh5 26. Rf2 Nf6 27. Rg1 Bh6 28. h3 Rae8 29. Rfg2 Ne4 30. Bf2 Re7 31. Be1 Rge8 32. Bg4 Qg6 33. Qf3 Nd6 34. Bd2 Ne4 35. Be1 Rf8 36. Bf5 Qg7 37. Bxh4 f6 38. Be1 Qf7 39. h4 Kg7 40. Rh2 Rh8 41. c4 Kf8 42. Bb4 c5 43. dxc5 a5 44. Ba3 Ke8 45. c6 bxc6 46. Bxe7 Qxe7 47. cxd5 cxd5 48. hxg5 fxg5 49. Re1 Bg7 50. Rxh8+ Bxh8 51. Bxe4 dxe4 52. Rxe4 Be5 53. Qf5 1-0

[Event "Titled Tuesday intern op 04th Jul Late"]
[Site "Chess.com INT"]
[Date "2023.07.04"]
[Round "7"]
[White "Oparin, Grigoriy"]
[Black "Sebag, Marie"]
[Result "1-0"]
[WhiteElo "2681"]
[BlackElo "2429"]
[PlyCount "87"]
[EventDate "2023.07.04"]
[EventType "swiss (blitz)"]
[EventRounds "11"]
[EventCountry "USA"]
[SourceTitle "EXT 2024"]
[Source "ChessBase"]
[SourceDate "2023.10.10"]
[SourceVersion "1"]
[SourceVersionDate "2023.10.10"]
[SourceQuality "1"]

1. c4 Nf6 2. Nc3 c6 3. e4 d5 4. cxd5 cxd5 5. e5 Nfd7 6. d4 Nb6 7. f4 Nc6 8. Be3 h5 9. h3 Bf5 10. Nf3 e6 11. Be2 Be7 12. 0-0 Rc8 13. Rc1 a6 14. Ng5 h4 15. Kh2 Nc4 16. Bxc4 dxc4 17. d5 exd5 18. Nxd5 Bd3 19. Nxe7 Nxe7 20. Rf2 Nf5 21. Qe1 0-0 22. Rd2 Ng3 23. Bf2 Qa5 24. Bxg3 hxg3+ 25. Kxg3 f6 26. Nf3 fxe5 27. Qxe5 Qb6 28. Qd5+ Kh8 29. Qh5+ Kg8 30. Re1 Qf6 31. Qd5+ Kh8 32. Qe5 Qg6+ 33. Qg5 Qxg5+ 34. Nxg5 Bf5 35. Re5 c3 36. bxc3 Rxc3+ 37. Kh4 Bg6 38. g4 Rcc8 39. f5 Be8 40. Re7 Rg8 41. Rd6 Rf8 42. Rxb7 Bb5 43. Rg6 Rc3 44. Rgxg7 1-0

[Event "Titled Tuesday intern op 04th Jul Late"]
[Site "Chess.com INT"]
[Date "2023.07.04"]
[Round "2"]
[White "Todorovic, Bojan"]
[Black "Sebag, Marie"]
[Result "0-1"]
[WhiteElo "2195"]
[BlackElo "2429"]
[PlyCount "70"]
[EventDate "2023.07.04"]
[EventType "swiss (blitz)"]
[EventRounds "11"]
[EventCountry "USA"]
[SourceTitle "EXT 2024"]
[Source "ChessBase"]
[SourceDate "2023.10.10"]
[SourceVersion "1"]
[SourceVersionDate "2023.10.10"]
[SourceQuality "1"]

1. d4 Nf6 2. c4 e6 3. Nf3 b6 4. g3 Ba6 5. b3 d5 6. Bg2 Bb4+ 7. Bd2 Be7 8. 0-0 0-0 9. Bc3 Nbd7 10. Nbd2 c5 11. dxc5 Nxc5 12. Ne5 Rc8 13. Rc1 Bb7 14. Ndf3 Nce4 15. Bb2 h6 16. cxd5 exd5 17. Nd4 Bc5 18. a3 Re8 19. Nd3 Bf8 20. Nf4 g6 21. Rxc8 Qxc8 22. Qc1 Qd8 23. Qc2 Bg7 24. Rc1 Ng4 25. Nd3 Qg5 26. Nf3 Qe7 27. Bxg7 Kxg7 28. Qc7 Qxa3 29. Qxb7 Ngxf2 30. Rc7 Qa1+ 31. Nfe1 Qf6 32. Nf4 Ng4 33. Ned3 Qd4+ 34. Kf1 Nxh2+ 35. Ke1 Qg1+ 0-1

[Event "Titled Tuesday intern op 27th Jun Early"]
[Site "Chess.com INT"]
[Date "2023.06.27"]
[Round "11"]
[White "Mayank, Chakraborty"]
[Black "Sebag, Marie"]
[Result "1-0"]
[WhiteElo "2141"]
[BlackElo "2421"]
[PlyCount "75"]
[EventDate "2023.06.27"]
[EventType "swiss (blitz)"]
[EventRounds "11"]
[EventCountry "USA"]
[SourceTitle "EXT 2024"]
[Source "ChessBase"]
[SourceDate "2023.10.10"]
[SourceVersion "1"]
[SourceVersionDate "2023.10.10"]
[SourceQuality "1"]

1. e4 c6 2. d4 d5 3. exd5 cxd5 4. c4 Nf6 5. Nc3 Nc6 6. Nf3 Be6 7. c5 g6 8. Bb5 Bg7 9. Ne5 Bd7 10. 0-0 0-0 11. Nxd7 Qxd7 12. Re1 Rfe8 13. Bg5 e6 14. Qd2 a6 15. Bf1 Ne4 16. Nxe4 dxe4 17. Rxe4 Nxd4 18. Rd1 e5 19. Rh4 Qe6 20. b3 f6 21. Bc4 fxg5 22. Bxe6+ Nxe6 23. Rc4 Rad8 24. Qe1 Nd4 25. Qe4 Rf8 26. Re1 Rf7 27. h3 Rdf8 28. Qd5 Kh8 29. Rxe5 Nc6 30. Re8 Rxf2 31. Rxf8+ Rxf8 32. Re4 h6 33. Qd7 Rf5 34. b4 Ne5 35. Qxb7 h5 36. c6 Nxc6 37. Qxc6 Kh7 38. Re7 1-0

[Event "Titled Tuesday intern op 20th Jun Early"]
[Site "Chess.com INT"]
[Date "2023.06.20"]
[Round "3"]
[White "Slavin, Alexei"]
[Black "Sebag, Marie"]
[Result "0-1"]
[WhiteElo "2364"]
[BlackElo "2421"]
[PlyCount "58"]
[EventDate "2023.06.20"]
[EventType "swiss (blitz)"]
[EventRounds "11"]
[EventCountry "USA"]
[SourceTitle "EXT 2024"]
[Source "ChessBase"]
[SourceDate "2023.10.10"]
[SourceVersion "1"]
[SourceVersionDate "2023.10.10"]
[SourceQuality "1"]

1. e4 e5 2. Nf3 Nc6 3. c3 Nf6 4. d4 d6 5. dxe5 Nxe5 6. Nxe5 dxe5 7. Qxd8+ Kxd8 8. Bg5 c6 9. Bc4 Kc7 10. Bxf7 Nxe4 11. Be3 Nd6 12. Bb3 Nf5 13. Bd2 Bc5 14. 0-0 Rf8 15. Bc2 Be6 16. a4 a5 17. Na3 Rf6 18. Rfe1 Raf8 19. Rxe5 Bd6 20. Re2 h6 21. Rae1 Bxa3 22. Rxe6 Bxb2 23. Rxf6 Rxf6 24. g3 Ba3 25. Kg2 Bc5 26. Re5 Nh4+ 27. gxh4 Rxf2+ 28. Kg3 Rxd2 29. Bf5 Bd6 0-1

[Event "Titled Tuesday intern op 16th May Early"]
[Site "Chess.com INT"]
[Date "2023.05.16"]
[Round "4"]
[White "Pasti, Aron"]
[Black "Sebag, Marie"]
[Result "0-1"]
[WhiteElo "2361"]
[BlackElo "2430"]
[PlyCount "46"]
[EventDate "2023.05.16"]
[EventType "swiss (blitz)"]
[EventRounds "11"]
[EventCountry "USA"]
[SourceTitle "CBM 214 Extra"]
[Source "ChessBase"]
[SourceDate "2023.07.31"]
[SourceVersion "1"]
[SourceVersionDate "2023.07.31"]
[SourceQuality "1"]

1. e4 e5 2. Nf3 Nc6 3. Bb5 a6 4. Ba4 Bc5 5. c3 Nge7 6. d4 Ba7 7. d5 Nb8 8. Nxe5 0-0 9. 0-0 d6 10. Nd3 Ng6 11. Na3 Nd7 12. Bxd7 Bxd7 13. Nc2 Qh4 14. Qf3 Rae8 15. Re1 f5 16. e5 dxe5 17. Qg3 Qh5 18. Qg5 Qxg5 19. Bxg5 f4 20. h4 e4 21. Nc1 Bg4 22. h5 Bxh5 23. g3 fxg3 0-1

[Event "Titled Tuesday intern op 28th Feb Late"]
[Site "Chess.com INT"]
[Date "2023.02.28"]
[Round "4"]
[White "Pein, Jonathan"]
[Black "Sebag, Marie"]
[Result "0-1"]
[WhiteElo "2256"]
[BlackElo "2430"]
[PlyCount "78"]
[EventDate "2023.02.28"]
[EventType "swiss (blitz)"]
[EventRounds "11"]
[EventCountry "USA"]
[SourceTitle "CBM 213 Extra"]
[Source "ChessBase"]
[SourceDate "2023.05.31"]
[SourceVersion "1"]
[SourceVersionDate "2023.05.31"]
[SourceQuality "1"]

1. e4 c6 2. b3 d5 3. Bb2 dxe4 4. Nc3 Nf6 5. Nge2 Bf5 6. Ng3 Bg6 7. h4 h6 8. h5 Bh7 9. Qe2 e6 10. Ngxe4 Be7 11. 0-0-0 Nbd7 12. Kb1 Qc7 13. g3 0-0-0 14. Bg2 Kb8 15. a4 Nd5 16. Rhe1 Rhe8 17. Qf1 Nb4 18. d3 Nd5 19. Nd2 Bb4 20. Na2 Bf8 21. Nc4 f6 22. Qh1 e5 23. a5 Nc5 24. d4 exd4 25. Rxe8 Rxe8 26. Bxd5 cxd5 27. Qxd5 Nxb3 28. a6 bxa6 29. Rd3 Re1+ 30. Nc1 Bxd3 31. cxd3 Nxc1 32. Bxc1 Qb7+ 33. Qxb7+ Kxb7 34. Kc2 Rf1 35. Na5+ Kb6 36. Nc4+ Kb5 37. f4 Rf2+ 38. Kb3 Rf3 39. g4 Rxd3+ 0-1

[Event "Titled Tuesday intern op 28th Feb Late"]
[Site "Chess.com INT"]
[Date "2023.02.28"]
[Round "8"]
[White "Sebag, Marie"]
[Black "Holt, Conrad"]
[Result "1/2-1/2"]
[WhiteElo "2430"]
[BlackElo "2540"]
[PlyCount "217"]
[EventDate "2023.02.28"]
[EventType "swiss (blitz)"]
[EventRounds "11"]
[EventCountry "USA"]
[SourceTitle "CBM 213 Extra"]
[Source "ChessBase"]
[SourceDate "2023.05.31"]
[SourceVersion "1"]
[SourceVersionDate "2023.05.31"]
[SourceQuality "1"]

1. e4 e6 2. d4 d5 3. Nd2 c5 4. Ngf3 cxd4 5. Nxd4 Nf6 6. exd5 Nxd5 7. N2f3 Bb4+ 8. Bd2 0-0 9. Be2 Re8 10. 0-0 e5 11. Nb3 e4 12. Nfd4 Bf8 13. c4 Nb4 14. Bc3 Bd7 15. a3 N4c6 16. Rc1 Qg5 17. Nxc6 Bh3 18. g3 Bxf1 19. Bxf1 Nxc6 20. Bg2 Rad8 21. Qe2 e3 22. f4 Qf5 23. Re1 Qd3 24. Qxd3 Rxd3 25. Bd5 Bxa3 26. Nc1 Rxc3 27. bxc3 Na5 28. Nd3 Bd6 29. Kg2 b6 30. Ne5 Bxe5 31. Rxe3 Kf8 32. fxe5 Ke7 33. Rf3 Rf8 34. Rf1 Nb3 35. Rf2 Nc5 36. Ra2 a5 37. Rb2 Nd7 38. Kf2 Rc8 39. Re2 a4 40. Ra2 Nc5 41. Ke3 f6 42. exf6+ Kxf6 43. Kd4 Re8 44. Rf2+ Kg5 45. Rf7 Kh6 46. Ra7 Re1 47. Ra8 Re2 48. Rb8 Rb2 49. Ke5 a3 50. Kd6 a2 51. Ra8 Nb3 52. c5 bxc5 53. Bxb3 Rxb3 54. Rxa2 Rxc3 55. Kd5 Kg5 56. Rf2 g6 57. Rf4 h6 58. Rh4 h5 59. Ke5 Rc1 60. Ke4 Rc2 61. Kf3 c4 62. Rd4 Rxh2 63. Rxc4 Rd2 64. Rc5+ Kf6 65. Rc6+ Kf5 66. Rc5+ Ke6 67. Rc6+ Rd6 68. Rc5 Kf6 69. Ra5 Rd3+ 70. Kg2 Rd4 71. Ra6+ Kf5 72. Kh3 Rd2 73. Ra5+ Kf6 74. Ra6+ Kg5 75. Ra5+ Kh6 76. Ra6 Rd3 77. Rb6 Rd2 78. Ra6 Rd4 79. Rb6 Rd5 80. Ra6 Kg5 81. Ra4 Rb5 82. Rc4 Kf6 83. Rc6+ Kf5 84. Rc1 Rd5 85. Rf1+ Kg5 86. Re1 Rd2 87. Re5+ Kf6 88. Ra5 g5 89. Ra6+ Kf5 90. Ra5+ Kf6 91. Ra6+ Kf7 92. Ra5 g4+ 93. Kh4 Rh2+ 94. Kg5 Rh3 95. Kf4 Ke6 96. Ra6+ Kd5 97. Ra5+ Kd4 98. Ra8 Kd3 99. Re8 Kd2 100. Re7 Rh2 101. Kg5 Kd3 102. Re8 Rh3 103. Kf4 Kd2 104. Re7 Rh1 105. Kg5 Rg1 106. Kxh5 Rxg3 107. Re4 Rg2 108. Rxg4 Rxg4 109. Kxg4 1/2-1/2